| 000 | 01660nam0a22002531 4500 | ||
|---|---|---|---|
| 001 | rc\3675951 | ||
| 005 | 20250610060643.0 | ||
| 035 | _a(NLR Aleph) 007748362 | ||
| 090 |
_a7236430 _c7236430 |
||
| 100 | _a20130115d1971 |||y0rusy50 ca | ||
| 101 | 0 | _arus | |
| 102 | _aRU | ||
| 105 | _ay z ||||| | ||
| 200 | 1 |
_aРекомендации участников конференции "Коррозия и защита строительных конструкций на предприятиях цветной металлургии". 1-3 ноября _fСвердл. обл. правл. НТО стройиндустрии. Науч.-исслед. ин-т бетона и железобетона. Уральский промстройниипроект Госстроя СССР. Гл. упр. капит. стр-ва М-ва цв. металлургии. Свердл. обл. дом. техники НТО |
|
| 210 |
_aСвердловск _cБ. и. _d1971 |
||
| 215 |
_a6 с. _d20 |
||
| 532 | 1 | 3 | _aРекомендации участников конференции Коррозия и защита строительных конструкций на предприятиях цветной металлургии. 1-3 ноября |
| 710 | 1 | 2 |
_a"Коррозия и защита строительных конструкций на предприятиях цветной металлургии", научно-техническая конференция _eСвердловск _f1971 _9583128 _3RU\NLR\AUTH\880460194 |
| 801 | 0 |
_aRU _bNLR _gpsbo |
|
| 801 | 1 |
_aRU _bELAR _2rusmarc |
|
| 852 |
_aNLR _j72-4/21863 |
||
| 942 | _cBOOK | ||
| 980 | _aNB | ||